| 000 | 00609nam a2200157 a 4500 | ||
|---|---|---|---|
| 001 | 000023678 | ||
| 005 | 20200930022405.0 | ||
| 008 | 101218s1968 mx 000 0 spa d | ||
| 040 |
_aDO-SdBNP _bspa _cBNPHU |
||
| 082 |
_axxxx _bxxxx |
||
| 245 | 0 | 3 |
_aEl cuento enigmatico / _cSelección, prólogo y notas Antonio Helú. |
| 260 |
_aMéxico, D. F. : _bSecretaría de Educación Pública. Subsecretaría de Asuntos Culturales, _c1968. |
||
| 300 |
_a83 p. ; _c17 cm. |
||
| 490 | 1 |
_aCuadernos de Lectura Popular _aLa honda del espíritu _v124 |
|
| 830 | 0 |
_aCuadernos de Lectura Popular _pLa honda del espíritu _v124 _930181 |
|
| 999 |
_c23174 _d23174 |
||